000 00432nam a22001577a 4500
999 _c15631
_d15631
003 OSt
008 190522b ||||| |||| 00| 0 eng d
020 _a9781781637739
082 _a631.3
_bLON/AG
245 _aAgricultural Mechanics Design, Principles and Practice
260 _aLondon, U K
_bKoros Press Limited
_c2017
300 _a303 p.
700 _aLongo, Domenico.
_94116
700 _aMuscato, Giovanni
_94117
942 _cBK